[Event "Xtracon Chess Open 2017"]
[Site "Helsingor DEN"]
[Date "2017.07.28"]
[Round "8.103"]
[White "Madsen, Michael B."]
[Black "Aasen, Kjetil Myrlid"]
[Result "1/2-1/2"]
[WhiteElo "2092"]
[BlackElo "1881"]
[WhiteFideId "1413031"]
[BlackFideId "1539027"]
[EventDate "2017.07.22"]

1. d4 e6 2. c4 d5 3. Nc3 Nf6 4. cxd5 Nxd5 5. e4 Nxc3 6. bxc3 Nd7 7. Nf3 c5 8.
Bd3 cxd4 9. cxd4 Bb4+ 10. Bd2 Qa5 11. Rc1 Bxd2+ 12. Qxd2 Qxd2+ 13. Kxd2 O-O 14.
Rc7 a6 15. a4 Rd8 16. Ke3 Kf8 17. h3 h6 18. Rb1 Nf6 19. Ne5 Nd7 20. Nc4 b5 21.
axb5 axb5 22. Rxb5 Ba6 23. Rb1 Rac8 24. Rxc8 Rxc8 25. Nb6 Nxb6 26. Bxa6 Rc6 27.
Kd3 Nd7 28. Bc4 Rd6 29. Ke3 Rc6 30. Bd3 Rc3 31. Rb7 Nf6 32. Ra7 Rb3 33. Ra2 Rb7
34. f3 Rc7 35. g4 g5 36. h4 Ng8 37. hxg5 hxg5 38. Ra5 f6 39. e5 Kf7 40. Be4 Ne7
41. exf6 Kxf6 42. Kd3 Ng6 43. Bxg6 Kxg6 44. Ra6 Kf7 45. Ke4 Rc1 46. Ra3 Kf6 47.
Ra8 Re1+ 48. Kd3 Rd1+ 49. Ke3 Re1+ 50. Kd2 Rf1 51. Rh8 Kg7 52. Ke2 Rb1 53. Rh5
Kf6 54. Rh6+ Kf7 55. f4 gxf4 56. Kf3 Rf1+ 1/2-1/2

[Event "Xtracon Chess Open 2017"]
[Site "Helsingor DEN"]
[Date "2017.07.28"]
[Round "8.104"]
[White "Moller, Arne Vang"]
[Black "Rishovd, Svein"]
[Result "0-1"]
[WhiteElo "1890"]
[BlackElo "2092"]
[WhiteFideId "1406175"]
[BlackFideId "1513060"]
[EventDate "2017.07.22"]

1. e4 e6 2. d4 d5 3. Nc3 Bb4 4. e5 c5 5. a3 Ba5 6. Nf3 Ne7 7. Be2 Nd7 8. O-O
cxd4 9. Nb5 O-O 10. Nbxd4 Ng6 11. Bd3 Ndxe5 12. Nxe5 Nxe5 13. Bxh7+ Kxh7 14.
Qh5+ Kg8 15. Qxe5 Bc7 16. Qe2 e5 17. Nb5 Bb8 18. Bd2 Re8 19. Rad1 d4 20. a4 Bf5
21. Bc1 Qd7 22. Rfe1 Re6 23. b3 Rg6 24. Qh5 Bxc2 25. Rd2 Qc6 26. f3 Bxb3 27.
Nxd4 exd4 28. Rxd4 Bd6 29. Rh4 Qc5+ 0-1

[Event "Xtracon Chess Open 2017"]
[Site "Helsingor DEN"]
[Date "2017.07.28"]
[Round "8.105"]
[White "Winfridsson, Hakan"]
[Black "Trost, Edvin"]
[Result "0-1"]
[WhiteElo "2081"]
[BlackElo "1887"]
[WhiteFideId "1706292"]
[BlackFideId "1729519"]
[EventDate "2017.07.22"]

1. e4 c5 2. Nf3 e6 3. d4 cxd4 4. Nxd4 a6 5. c4 Qc7 6. Be3 Nf6 7. Nc3 b6 8. Be2
Bb7 9. f3 Be7 10. O-O d6 11. Rc1 Nbd7 12. Qd2 O-O 13. Rfd1 Rfe8 14. Qe1 Rac8 15.
Qf2 Qb8 16. Nc2 Bd8 17. Bf4 Bc7 18. Nb4 Nh5 19. Be3 Nhf6 20. g3 Qa8 21. Rd2 Rcd8
22. Rcd1 Nc5 23. Bd4 Nfd7 24. Bf1 Ne5 25. b3 Nc6 26. Nxc6 Bxc6 27. Be3 Qb8 28.
Bg2 Rd7 29. f4 Qa8 30. Bxc5 bxc5 31. e5 Red8 32. Bxc6 Qxc6 33. Qg2 Qxg2+ 34.
Kxg2 Ba5 35. Rd3 Bxc3 36. Rxc3 dxe5 37. Rxd7 Rxd7 38. Kf3 exf4 39. Kxf4 Rd2 40.
Ke5 Kf8 41. h4 Rd4 42. b4 Ke7 43. bxc5 Rg4 44. c6 f6# 0-1

[Event "Xtracon Chess Open 2017"]
[Site "Helsingor DEN"]
[Date "2017.07.28"]
[Round "8.106"]
[White "Stray, Gunnar"]
[Black "Jarlnaes, Erik"]
[Result "0-1"]
[WhiteElo "2078"]
[BlackElo "1880"]
[WhiteFideId "1501631"]
[BlackFideId "1414623"]
[EventDate "2017.07.22"]

1. d4 Nf6 2. Nf3 d5 3. e3 Bf5 4. c4 dxc4 5. Bxc4 e6 6. O-O Bd6 7. Nc3 O-O 8. Qe2
Ne4 9. Bd3 Nxc3 10. bxc3 Bxd3 11. Qxd3 c5 12. Qb5 Qc7 13. Rb1 b6 14. h3 Nd7 15.
Rd1 a6 16. Qd3 c4 17. Qe2 b5 18. Ng5 h6 19. Ne4 Be7 20. f4 Nb6 21. Bd2 Nd5 22.
Rf1 f5 23. Nf2 g5 24. e4 Nxf4 25. Bxf4 gxf4 26. exf5 exf5 27. Qe6+ Rf7 28. Qg6+
Rg7 29. Qxf5 Rf8 30. Qd5+ Kh8 31. Ng4 Bg5 32. Rbe1 b4 33. Rf3 Rd8 34. Qe6 Re7
35. Qxe7 Bxe7 36. Ne5 Bg5 37. cxb4 Rxd4 38. h4 Bf6 39. Ng6+ Kg7 40. h5 c3 41.
Rc1 c2 0-1

[Event "Xtracon Chess Open 2017"]
[Site "Helsingor DEN"]
[Date "2017.07.28"]
[Round "8.107"]
[White "Jarve, Edvin"]
[Black "Pallesen, Jacob"]
[Result "1/2-1/2"]
[WhiteElo "1843"]
[BlackElo "2054"]
[WhiteFideId "1519824"]
[BlackFideId "1404881"]
[EventDate "2017.07.22"]

1. d4 Nf6 2. c4 e6 3. Nc3 d5 4. cxd5 exd5 5. Bg5 Be7 6. e3 O-O 7. Bd3 Nbd7 8.
Nge2 Re8 9. Qc2 c6 10. O-O h6 11. Bf4 Nf8 12. h3 Ne6 13. Bh2 Bd6 14. Bxd6 Qxd6
15. Rab1 Ng5 16. Ng3 Rxe3 17. Nf5 Bxf5 18. fxe3 Bxd3 19. Qxd3 Nxh3+ 20. gxh3
Qg3+ 1/2-1/2

[Event "Xtracon Chess Open 2017"]
[Site "Helsingor DEN"]
[Date "2017.07.28"]
[Round "8.108"]
[White "Pankaj, Sindhu"]
[Black "Saren, Bjorn"]
[Result "0-1"]
[WhiteElo "1837"]
[BlackElo "2051"]
[WhiteFideId "46680357"]
[BlackFideId "1712071"]
[EventDate "2017.07.22"]

1. d4 Nf6 2. c4 g6 3. f3 d5 4. cxd5 Nxd5 5. e4 Nb6 6. Nc3 Bg7 7. Be3 O-O 8. Qd2
a5 9. h4 a4 10. h5 Nc6 11. O-O-O e5 12. d5 Nd4 13. hxg6 fxg6 14. f4 Bg4 15. Re1
c5 16. fxe5 Bxe5 17. Be2 Bxe2 18. Ngxe2 Nc4 19. Qd3 Nxe2+ 20. Nxe2 Nxb2 21. Qb5
Ra5 22. Qxb7 Rf7 23. Qc6 Nd3+ 24. Kd2 Nxe1 25. Kxe1 Qb8 26. Qe6 Rb5 27. Rxh7
Rb1+ 28. Nc1 Kxh7 29. Qxf7+ Bg7 30. Kd1 c4 31. Qd7 Qg3 32. Qh3+ Qxh3 33. gxh3
Be5 34. Bc5 Kg7 35. Ba3 Kf6 36. Kc2 Rb7 37. Ne2 Rh7 38. Ng1 Rh4 39. d6 Rxe4 40.
Nf3 Re2+ 41. Kb1 Re3 42. d7 Bc7 43. Bd6 Ke6 44. Bxc7 Kxd7 45. Ne5+ Kxc7 46. Nxg6
Rxh3 47. Ne5 Rh4 48. Kc2 Kd6 49. Nf3 Rf4 50. Nd2 Kc5 51. Kc3 Rh4 52. Kc2 Rh3 53.
Ne4+ Kb4 54. Nd6 Rh2+ 55. Kb1 c3 56. Ne4 Re2 57. Nd6 Re1+ 58. Kc2 Ra1 59. a3+
Rxa3 0-1

[Event "Xtracon Chess Open 2017"]
[Site "Helsingor DEN"]
[Date "2017.07.28"]
[Round "8.109"]
[White "Calderon, Paul"]
[Black "Roder, Peter Ulrik"]
[Result "0-1"]
[WhiteElo "1814"]
[BlackElo "2048"]
[WhiteFideId "2082160"]
[BlackFideId "1402471"]
[EventDate "2017.07.22"]

1. c4 e5 2. g3 Nc6 3. Bg2 Nf6 4. Nc3 Bc5 5. d3 O-O 6. Nf3 d6 7. O-O a5 8. h3 Re8
9. e4 h6 10. Be3 b6 11. Nh4 Bxe3 12. fxe3 Be6 13. Nf5 Nh7 14. Kh2 Ne7 15. Qg4
Ng6 16. h4 Nf6 17. Qf3 h5 18. Bh3 c6 19. Rf2 Bxf5 20. Qxf5 Nf8 21. Raf1 N8h7 22.
g4 hxg4 23. Bxg4 g6 24. Qf3 Kg7 25. h5 Rh8 26. Kg1 Qe7 27. Ne2 Rag8 28. hxg6
fxg6 29. Qg3 Kf7 30. Qh4 Rf8 31. Qh6 Ke8 32. Qxg6+ Kd8 33. Rg2 Rhg8 34. Qf5 Nxg4
35. Rxg4 Rxf5 36. Rxg8+ Rf8 0-1

[Event "Xtracon Chess Open 2017"]
[Site "Helsingor DEN"]
[Date "2017.07.28"]
[Round "8.110"]
[White "Crevatin, Leo"]
[Black "Andersen, Daniel"]
[Result "1-0"]
[BlackTitle "FM"]
[WhiteElo "2044"]
[BlackElo "1856"]
[WhiteFideId "1726307"]
[BlackFideId "1402714"]
[EventDate "2017.07.22"]

1. d4 Nf6 2. Bf4 c5 3. e3 cxd4 4. exd4 g6 5. c3 Bg7 6. Nf3 O-O 7. Bd3 d6 8. O-O
Nc6 9. Re1 Bd7 10. h3 Rc8 11. Nbd2 Na5 12. Qc2 Re8 13. Bg5 a6 14. Ne4 h6 15.
Bxf6 exf6 16. Qd2 Bc6 17. Qf4 Bxe4 18. Bxe4 d5 19. Bd3 Qd7 20. Qg4 Qxg4 21. hxg4
Kf8 22. Nd2 Rxe1+ 23. Rxe1 Re8 24. Kf1 Rxe1+ 25. Kxe1 Ke7 26. Kd1 Kd7 27. a4 Nc6
28. Nf3 1-0

[Event "Xtracon Chess Open 2017"]
[Site "Helsingor DEN"]
[Date "2017.07.28"]
[Round "8.111"]
[White "Brondum, Eric"]
[Black "Fossan, Benjamin"]
[Result "1/2-1/2"]
[WhiteTitle "FM"]
[WhiteElo "2040"]
[BlackElo "1855"]
[WhiteFideId "1400894"]
[BlackFideId "1518100"]
[EventDate "2017.07.22"]

1. e4 c5 2. d4 cxd4 3. c3 Nf6 4. e5 Nd5 5. Nf3 d6 6. cxd4 g6 7. Bc4 Nb6 8. Bb3
Bg7 9. O-O O-O 10. Bf4 dxe5 11. Bxe5 N8d7 12. Bxg7 Kxg7 13. Nc3 Nf6 14. d5 Bg4
15. h3 Bxf3 16. Qxf3 Qd7 17. Rad1 Rad8 18. Rfe1 Rfe8 19. Qe3 Qd6 20. a3 a6 21.
f4 Rd7 22. Qe5 1/2-1/2

[Event "Xtracon Chess Open 2017"]
[Site "Helsingor DEN"]
[Date "2017.07.28"]
[Round "8.112"]
[White "Nielsen, Peter"]
[Black "Christiansen, Arne"]
[Result "0-1"]
[WhiteElo "1694"]
[BlackElo "2040"]
[WhiteFideId "1707485"]
[BlackFideId "1402013"]
[EventDate "2017.07.22"]

1. f4 Nf6 2. b3 g6 3. Bb2 Bg7 4. Nf3 O-O 5. e3 c5 6. g3 Nc6 7. Bg2 d6 8. O-O Qc7
9. Nc3 a6 10. d3 b5 11. Qc1 Bb7 12. Re1 Rac8 13. e4 Nd4 14. Ne2 e5 15. fxe5 dxe5
16. Nexd4 cxd4 17. Ba3 Rfe8 18. Bh3 Rcd8 19. Qd2 Bc8 20. Bxc8 Rxc8 21. Re2 Ng4
22. Ne1 Bh6 23. Qd1 Ne3 24. Qb1 Qd7 25. Bc1 Qh3 26. Bxe3 Bxe3+ 27. Rxe3 dxe3 28.
Qd1 f5 29. c4 fxe4 30. cxb5 Rf8 0-1

[Event "Xtracon Chess Open 2017"]
[Site "Helsingor DEN"]
[Date "2017.07.28"]
[Round "8.113"]
[White "Karlsson, Ulf"]
[Black "Stokhaug, Jon Arne"]
[Result "1/2-1/2"]
[WhiteElo "2036"]
[BlackElo "1847"]
[WhiteFideId "1721674"]
[BlackFideId "1506781"]
[EventDate "2017.07.22"]

1. e4 c5 2. Nc3 Nc6 3. g3 g6 4. Bg2 Bg7 5. d3 d6 6. f4 e6 7. Nf3 Nge7 8. O-O O-O
9. Bd2 Rb8 10. Rb1 f5 11. Ne2 h6 12. a3 Qc7 13. Bc3 e5 14. b4 b6 15. b5 Nd4 16.
Bd2 Kh7 17. c4 Be6 18. Nexd4 exd4 19. e5 d5 20. Qc2 Qd7 21. Qa4 a5 22. Rf2 Qe8
23. Bf1 Qf7 1/2-1/2

[Event "Xtracon Chess Open 2017"]
[Site "Helsingor DEN"]
[Date "2017.07.28"]
[Round "8.114"]
[White "Bjorneboe, Kristian"]
[Black "Hansen, Ib Lynaes"]
[Result "1/2-1/2"]
[WhiteElo "2023"]
[BlackElo "1839"]
[WhiteFideId "1424718"]
[BlackFideId "1407511"]
[EventDate "2017.07.22"]

1. Nf3 d5 2. c4 c6 3. b3 Nf6 4. g3 g6 5. Bb2 Bg7 6. Bg2 O-O 7. O-O Na6 8. d3 Re8
9. Nbd2 Nh5 10. Bxg7 Nxg7 11. d4 Be6 12. e3 f6 13. Qc2 Rc8 14. c5 Qd7 15. Qc3 b6
16. b4 Bf7 17. Rfc1 b5 18. a4 Nc7 19. Bf1 a6 20. Ra3 Ra8 21. Rca1 Qc8 22. axb5
axb5 23. Ra5 Qb7 24. Nb3 Be6 25. R1a3 Bd7 26. Qa1 Rxa5 27. Nxa5 Qb8 28. Nb3 Rc8
29. Ra7 Be8 30. Qa5 Na8 31. Rxe7 Rc7 32. Rxc7 Nxc7 33. Bh3 Nge6 34. Qb6 Qc8 35.
Na5 Na8 36. Qb7 Qxb7 37. Nxb7 Nac7 38. Na5 Nd8 39. Bc8 Kf7 40. Ne1 Nce6 41. Kg2
Ke7 42. Bxe6 Kxe6 43. h4 h6 44. f3 g5 45. hxg5 hxg5 46. Kf2 Bg6 47. Ke2 Bh5 48.
Nd3 Kd7 49. Nf2 Bf7 50. e4 Ke7 51. Ke3 Be6 52. Nd1 f5 53. Nc3 fxe4 54. fxe4 dxe4
55. Nxe4 g4 56. Nf2 Bd7 57. Nd3 Nf7 58. Kf4 Ke6 59. Ke3 Nh6 60. Nf4+ Kf7 61. Ne2
Nf5+ 62. Kf4 Ke6 63. Kxg4 Nxd4 64. Nf4+ Ke5+ 65. Kg5 Nc2 66. Nh5 Nxb4 67. Nf6
Be6 68. g4 Kd4 69. Nb7 Nd5 70. Nd8 Nxf6 71. Kxf6 Bxg4 72. Nxc6+ 1/2-1/2

[Event "Xtracon Chess Open 2017"]
[Site "Helsingor DEN"]
[Date "2017.07.28"]
[Round "8.115"]
[White "Frederiksen Kristian, Pade"]
[Black "Skovgaard, Ib"]
[Result "0-1"]
[WhiteElo "1783"]
[BlackElo "2016"]
[WhiteFideId "1435205"]
[BlackFideId "1406760"]
[EventDate "2017.07.22"]

1. d4 d5 2. c4 c6 3. Nc3 Nf6 4. e3 e6 5. Nf3 Nbd7 6. b3 Bb4 7. Bd2 O-O 8. Be2
Be7 9. O-O Kh8 10. Qc2 c5 11. cxd5 exd5 12. dxc5 Nxc5 13. Rfd1 Be6 14. Rac1 Rc8
15. Qb2 Bf5 16. Be1 Qb6 17. Nxd5 Nxd5 18. Rxd5 Na4 19. Qd2 Rxc1 20. Qxc1 Rc8 21.
Qd1 Bc2 22. Qd4 Qxd4 23. Rxd4 Nb6 24. g3 Bb1 25. a4 Bf6 26. Rd6 Be4 27. Bd2 Nd5
28. Nd4 Be5 29. Rd7 Nf6 30. Re7 Bd6 31. Rxf7 Kg8 32. Rxf6 gxf6 33. Bc4+ Kf8 34.
f3 Bb1 35. Kf2 a6 36. e4 Bc5 37. Be3 Ke8 38. Nf5 Bxe3+ 39. Nxe3 Rc5 40. Bd5 b6
41. Ke2 b5 42. axb5 axb5 43. b4 Rc7 44. f4 Kf8 45. h4 Rd7 46. g4 h6 47. h5 Ra7
48. Nf5 Ra4 49. Nxh6 Rxb4 50. e5 Rxf4 51. e6 Bh7 52. Ke3 Ra4 53. Nf7 Rxg4 54.
Nd8 Rg3+ 55. Kd4 Ke8 56. Nc6 Rh3 57. Kc5 Rxh5 58. Kd6 Rh4 59. Nb8 Rd4 60. Nd7
Rxd5+ 61. Kxd5 Ke7 62. Nb8 Bd3 63. Nc6+ Ke8 64. Kd6 Bg6 65. Nb4 f5 66. Nd5 Kf8
67. Nc7 b4 68. Ke5 b3 69. Nd5 b2 70. Nc3 Kg7 71. Nb1 f4 0-1

[Event "Xtracon Chess Open 2017"]
[Site "Helsingor DEN"]
[Date "2017.07.28"]
[Round "8.116"]
[White "Magnusson, Magnus"]
[Black "Rasmussen, Morten1"]
[Result "1-0"]
[WhiteElo "2005"]
[BlackElo "1838"]
[WhiteFideId "2302128"]
[BlackFideId "1410865"]
[EventDate "2017.07.22"]

1. e4 c5 2. Nc3 a6 3. g3 b5 4. Bg2 Bb7 5. d3 e6 6. f4 d5 7. Qe2 d4 8. e5 Nc6 9.
Ne4 h5 10. Nf3 Nh6 11. h3 Be7 12. a3 Nf5 13. g4 hxg4 14. hxg4 Rxh1+ 15. Bxh1 Nh4
16. Nfg5 Qd7 17. Qh2 Ng6 18. Qh5 O-O-O 19. Nxf7 Bh4+ 20. Kd1 Qxf7 21. Nd6+ Rxd6
22. exd6 Nd8 23. Be4 Bxe4 24. dxe4 Bg3 25. Qxc5+ Kb7 26. a4 Nxf4 27. axb5 Ng2
28. bxa6+ Ka8 29. Qc8+ Ka7 30. Qc7+ Qxc7 31. dxc7 Bxc7 32. Ke2 Nc6 33. Bd2 Nf4+
34. Bxf4 Bxf4 35. Ra4 Bd6 36. Kd3 Nb4+ 37. Kxd4 Nxc2+ 38. Kc4 Ne3+ 39. Kb5 Nxg4
40. Rd4 Bf4 41. Rd7+ Ka8 42. Rxg7 Ne3 43. b4 Bd6 44. Rd7 Bb8 45. Kc5 e5 46. b5 1-0

[Event "Xtracon Chess Open 2017"]
[Site "Helsingor DEN"]
[Date "2017.07.28"]
[Round "8.117"]
[White "Quinn, David"]
[Black "Dishman, Matthew"]
[Result "1-0"]
[WhiteElo "2001"]
[BlackElo "1824"]
[WhiteFideId "2401452"]
[BlackFideId "438642"]
[EventDate "2017.07.22"]

1. d4 Nf6 2. c4 e6 3. Nc3 Bb4 4. e3 O-O 5. a3 Bxc3+ 6. bxc3 c5 7. Bd3 Nc6 8. Ne2
b6 9. e4 Na5 10. Bg5 h6 11. Bh4 g5 12. Bg3 d6 13. h4 Nh5 14. hxg5 Nxg3 15. Nxg3
Qxg5 16. Rh5 Qg7 17. Qf3 e5 18. d5 Bg4 19. Qe3 Bxh5 20. Nxh5 Qg5 21. Qf3 f6 22.
Ke2 Nb3 23. Rd1 Rf7 24. Bc2 Na5 25. Bd3 Raf8 26. Ng3 Nb7 27. Rh1 Rh7 28. Nf5 Kf7
29. Rh3 Ke8 30. Kd1 Qg6 31. Bc2 Kd8 32. Ba4 Kc7 33. Bc2 Rg8 34. Rg3 Qf7 35. Rh3
Rg6 36. Ke1 Qf8 37. Kf1 Na5 38. Bd3 Rh8 39. Be2 Rhg8 40. Ne3 Nb3 41. Qf5 Qc8 42.
Bd1 Nd2+ 43. Ke2 Nb1 44. Kd3 Nxa3 45. g3 b5 46. cxb5 Nxb5 47. Qxc8+ Rxc8 48. Bg4
Rh8 49. Bf5 Rgg8 50. Ng4 Rf8 51. Rh1 h5 52. Ne3 Ra8 53. Ra1 a6 54. Nc4 h4 55.
gxh4 Rxh4 56. Rg1 Rhh8 57. Rg7+ Kd8 58. Na5 Ke8 59. Be6 Ra7 60. Rg6 Rf7 61. Nc6
Nc7 62. Bxf7+ Kxf7 63. Rg1 Nb5 64. Rg3 Ra8 65. Kc4 Rg8 66. Rh3 Rg4 67. f3 Rg1
68. Nb8 Nc7 69. Rh7+ Rg7 70. Rh3 a5 71. Nc6 a4 72. Rh2 Ne8 73. Ra2 Rg3 74. Rxa4
Rxf3 75. Ra7+ Kg6 76. Ne7+ Kg5 77. Nf5 Kf4 78. Re7 Kxe4 79. Nh6 Rh3 80. Ng8 f5
81. Rxe8 f4 82. Nf6+ Ke3 83. Ng4+ Ke2 84. Nxe5 dxe5 85. Rxe5+ Kd2 86. Kxc5 Kxc3
87. Rf5 f3 88. d6 Kd2 89. d7 Ke1 90. d8=Q f2 91. Qf6 Rh5 92. Rxh5 f1=Q 93. Rf5 1-0

[Event "Xtracon Chess Open 2017"]
[Site "Helsingor DEN"]
[Date "2017.07.28"]
[Round "8.118"]
[White "Ski, Jonathan K."]
[Black "Thybo, Thomas Sondergaard"]
[Result "0-1"]
[WhiteElo "1771"]
[BlackElo "1999"]
[WhiteFideId "1521667"]
[BlackFideId "1441299"]
[EventDate "2017.07.22"]

1. d4 d5 2. c4 e6 3. Nc3 c6 4. cxd5 exd5 5. Bf4 Nf6 6. Nf3 Bf5 7. e3 Qb6 8. Qb3
Na6 9. Qxb6 axb6 10. Bxa6 Rxa6 11. O-O Be7 12. h3 O-O 13. a3 b5 14. Ne5 Rfa8 15.
g4 Bc2 16. Rac1 Bb3 17. Nd3 Nd7 18. Bc7 Nb6 19. Bxb6 Rxb6 20. Nc5 Bc4 21. Rfd1
b4 22. axb4 Rxb4 23. Ra1 Rxa1 24. Rxa1 h5 25. Ra8+ Kh7 26. Nd7 Rxb2 27. Re8 Bh4
28. f4 hxg4 29. hxg4 Rc2 30. g5 Kg6 31. Na4 Kf5 32. Ne5 Bf2+ 33. Kh1 Bxe3 34.
Nxf7 Bxf4 35. Nc5 Bf1 36. Kg1 Bh3 37. Re1 Bg3 38. Rb1 Bg4 39. Rf1+ Kg6 40. Nxb7
Bh3 41. Nh8+ Kxg5 42. Rb1 Kf6 43. Nc5 g5 44. Nd3 Kg7 45. Rc1 Rd2 46. Ng6 Kxg6
47. Rxc6+ Kf5 48. Rc1 Rxd3 49. Kh1 Ke4 50. Kg1 Kxd4 51. Ra1 Ke3 52. Kh1 Ke2 53.
Ra2+ Rd2 54. Ra3 Rd1# 0-1

[Event "Xtracon Chess Open 2017"]
[Site "Helsingor DEN"]
[Date "2017.07.28"]
[Round "8.119"]
[White "Fossan, Andreas"]
[Black "Schouten, Mathias Lind"]
[Result "1-0"]
[WhiteElo "1998"]
[BlackElo "1734"]
[WhiteFideId "1516108"]
[BlackFideId "1532790"]
[EventDate "2017.07.22"]

1. d4 Nf6 2. Bg5 Ne4 3. Bf4 d5 4. e3 Bf5 5. f3 Nf6 6. c4 e6 7. Qb3 b6 8. cxd5
exd5 9. Bb5+ Bd7 10. Nc3 c6 11. Bd3 Be6 12. Nge2 Be7 13. O-O O-O 14. Qc2 c5 15.
Rad1 g6 16. dxc5 Bxc5 17. Nd4 Bxd4 18. exd4 Nc6 19. Bg5 Nb4 20. Qf2 h5 21. Qh4
Kg7 22. Bb1 Rc8 23. a3 Na6 24. Ne4 dxe4 25. fxe4 Kh7 26. Bxf6 Qc7 27. Bd3 Qb7
28. Be5 Nc7 29. h3 Ne8 30. d5 Bd7 31. Qe7 Ng7 32. Rxf7 Rxf7 33. Qxf7 Rg8 34. Bc4
Bc8 35. Rf1 Re8 36. Bxg7 Qxf7 37. Rxf7 Rxe4 38. Bc3+ Kh6 39. Rc7 1-0

[Event "Xtracon Chess Open 2017"]
[Site "Helsingor DEN"]
[Date "2017.07.28"]
[Round "8.120"]
[White "Henningsen, Lasse"]
[Black "Kvaloy, Aksel Bu"]
[Result "1-0"]
[WhiteElo "1988"]
[BlackElo "1818"]
[WhiteFideId "1425315"]
[BlackFideId "1528815"]
[EventDate "2017.07.22"]

1. d4 Nf6 2. c4 e6 3. Nc3 Bb4 4. Qc2 b6 5. e4 d5 6. Qa4+ Nc6 7. cxd5 Nxe4 8.
Qxc6+ Bd7 9. Qc4 Bxc3+ 10. bxc3 exd5 11. Qxd5 O-O 12. Qb3 Re8 13. Be3 Qe7 14.
O-O-O c5 15. Nf3 cxd4 16. Bxd4 Rac8 17. Ba6 Be6 18. Qb2 Rc7 19. Kb1 b5 20. Ka1
Bc4 21. a4 bxa4 22. Bxc4 Rxc4 23. Rhe1 Qc7 24. Nd2 Rb8 25. Rxe4 f5 26. Qa2 Rb3
27. Nxc4 1-0

[Event "Xtracon Chess Open 2017"]
[Site "Helsingor DEN"]
[Date "2017.07.28"]
[Round "8.121"]
[White "Hakansson, Stefan"]
[Black "Rolstad, Morten"]
[Result "1-0"]
[WhiteElo "1976"]
[BlackElo "1720"]
[WhiteFideId "1708198"]
[BlackFideId "1525026"]
[EventDate "2017.07.22"]

1. d4 Nf6 2. Bg5 d5 3. Nd2 c5 4. e3 Nbd7 5. Ngf3 b6 6. c3 g6 7. Bb5 Bg7 8. Bc6
Ba6 9. Bxa8 Qxa8 10. Qa4 Qc8 11. Ne5 b5 12. Qb3 Nxe5 13. dxe5 Ng4 14. Nf3 O-O
15. O-O f6 16. exf6 Bxf6 17. Bf4 Qe6 18. Rad1 b4 19. Rfe1 Bc4 20. Qc2 bxc3 21.
bxc3 Bg7 22. Bg3 Nf6 23. Nd2 Bb5 24. Rb1 Qa6 25. Qb2 Bd3 26. Qb7 Qxa2 27. Rb2
Qa5 28. Be5 e6 29. Qb3 c4 30. Qb4 Qxb4 31. Rxb4 Ra8 32. Ra1 Bf8 33. Rb7 Ng4 34.
Rb8 Rxb8 35. Bxb8 Bg7 36. Ra3 a6 37. h3 Nh6 38. Nf3 Nf7 39. Ne1 e5 40. Rxa6 Be2
41. Ra8 Bf8 42. f3 Bd1 43. f4 d4 44. fxe5 dxc3 45. e6 c2 46. Nxc2 Bxc2 47. exf7+
Kxf7 48. Be5 Bc5 49. Kf2 Bd3 50. Ra5 Be7 51. Bc3 h5 52. g4 hxg4 53. hxg4 Ke6 54.
Kf3 Bd6 55. e4 Be7 56. Ra6+ Kf7 57. Kf4 1-0

[Event "Xtracon Chess Open 2017"]
[Site "Helsingor DEN"]
[Date "2017.07.28"]
[Round "8.122"]
[White "Sidali, Elias Hulleberg"]
[Black "Bremer, Erik"]
[Result "1-0"]
[WhiteElo "1672"]
[BlackElo "1488"]
[WhiteFideId "1530518"]
[BlackFideId "1411578"]
[EventDate "2017.07.22"]

1. e4 g6 2. d4 Bg7 3. Be3 d6 4. Nc3 c6 5. a4 Nd7 6. Nf3 Ngf6 7. h3 O-O 8. Be2 e5
9. O-O Re8 10. dxe5 dxe5 11. Qd2 Nb6 12. Qxd8 Rxd8 13. a5 Nbd7 14. Rfd1 Re8 15.
Bc4 h6 16. b4 b5 17. axb6 Nxb6 18. Bb3 Bb7 19. Re1 Nc8 20. Reb1 1-0

[Event "Xtracon Chess Open 2017"]
[Site "Helsingor DEN"]
[Date "2017.07.28"]
[Round "8.123"]
[White "Greeuw, Sietske"]
[Black "Kristiansen, Snorre"]
[Result "1-0"]
[WhiteElo "1964"]
[BlackElo "1699"]
[WhiteFideId "1020285"]
[BlackFideId "1530011"]
[EventDate "2017.07.22"]

1. e4 e6 2. d4 d5 3. Nd2 Nf6 4. e5 Nfd7 5. Bd3 b6 6. Ne2 Ba6 7. Bxa6 Nxa6 8. O-O
c5 9. c4 Nc7 10. cxd5 Nxd5 11. Nf3 Qc7 12. Bg5 h6 13. Bh4 g5 14. Bg3 Be7 15. Rc1
Qb7 16. Nc3 g4 17. Nh4 Nxc3 18. Rxc3 h5 19. Kh1 Qd5 20. Rd3 Qxa2 21. d5 Rd8 22.
dxe6 Qxe6 23. Re1 Nb8 24. Rd6 Qc8 25. e6 Rxd6 26. Bxd6 fxe6 27. Bxe7 Rg8 28. Bd6
Nc6 29. Qd5 Qd7 30. Qxh5+ Kd8 31. Bf4 Kc8 32. f3 gxf3 33. Qxf3 Kb7 34. Rd1 Qe7
35. g3 e5 36. Nf5 Qe6 37. Nd6+ Kc7 38. Nb5+ Kb7 39. Rd6 Qe8 40. Be3 e4 41. Qf5
Nb8 42. Qd5+ Nc6 43. Rd7+ Kb8 44. Bf4+ 1-0

[Event "Xtracon Chess Open 2017"]
[Site "Helsingor DEN"]
[Date "2017.07.28"]
[Round "8.124"]
[White "Shehzad, Shazil"]
[Black "Justinussen, Sigurd B."]
[Result "1/2-1/2"]
[WhiteElo "1678"]
[BlackElo "1963"]
[WhiteFideId "1521942"]
[BlackFideId "7200773"]
[EventDate "2017.07.22"]

1. e4 c5 2. Nf3 d6 3. d4 cxd4 4. Nxd4 Nf6 5. Nc3 g6 6. Be3 Bg7 7. f3 Nc6 8. Bc4
Bd7 9. Qd2 a6 10. Nxc6 Bxc6 11. Bh6 Bxh6 12. Qxh6 Qb6 13. O-O-O Qc5 14. Bb3 Qh5
15. Qe3 O-O 16. h4 Qc5 17. Qd2 a5 18. Qd4 Qxd4 19. Rxd4 Rfc8 20. a3 b5 21. Re1
Rc7 22. Bd5 Bxd5 23. Nxd5 Nxd5 24. Rxd5 Rac8 25. Re2 Rc5 26. Red2 b4 27. axb4
axb4 28. Rxc5 Rxc5 29. Rd4 Rb5 30. Kd2 Kg7 31. Kd3 h5 32. Kc4 Re5 33. Kb3 g5 34.
hxg5 Rxg5 1/2-1/2

[Event "Xtracon Chess Open 2017"]
[Site "Helsingor DEN"]
[Date "2017.07.28"]
[Round "8.125"]
[White "Hjornevik, Knut J"]
[Black "van den Brink, Nienke"]
[Result "1/2-1/2"]
[WhiteElo "1952"]
[BlackElo "1686"]
[WhiteFideId "1505157"]
[BlackFideId "1452568"]
[EventDate "2017.07.22"]

1. c4 b6 2. Nc3 Bb7 3. e4 e6 4. a3 c5 5. Nf3 Nc6 6. d3 g6 7. Bf4 d6 8. Rb1 Bg7
9. Nb5 e5 10. Bg5 Nge7 11. Qd2 f6 12. Be3 f5 13. Bh6 Bxh6 14. Qxh6 Qd7 15. Ng5
Ng8 16. Nxd6+ Qxd6 17. Qg7 Qf6 18. Qxb7 Rb8 19. Qc7 Nge7 20. h4 h6 21. Nf3 O-O
22. b4 Qe6 23. bxc5 bxc5 24. Rxb8 Rxb8 25. Nd2 Nc8 26. f4 Nb6 27. fxe5 Rd8 28.
Qb7 Rd7 29. Qa6 Nxe5 30. Rh3 fxe4 31. Nxe4 Nexc4 32. Be2 Qe5 33. Rf3 Re7 34. Qb5
Nd6 35. Qxc5 Nxe4 36. Qxe5 Rxe5 37. dxe4 Rxe4 38. g3 Nc4 39. Rc3 Nd6 40. Rc6 Nb5
41. Rxg6+ Kf7 42. Rxh6 Nd4 43. Rh7+ Kg6 44. Rxa7 Rxe2+ 45. Kd1 Rg2 46. Ra8 Nf3
47. a4 Rxg3 48. a5 1/2-1/2